| 000 | 00839nam a2200229Ii 4500 | ||
|---|---|---|---|
| 003 | JO-AjNU | ||
| 008 | 230605s9999||||xx |||||||||||||| ||und|| | ||
| 017 | _a2012/1/472 | ||
| 020 | _a978-9957-70-575-6 | ||
| 040 |
_aJO-AjNU _bara _erda _cJO-AjNU |
||
| 041 | _aara | ||
| 050 | 1 | 4 | _aPJ6066.S52 2013 |
| 100 | 3 |
_aتاليف عبد الرحيم الشيخ، الحافظ, _eauthor _944973 |
|
| 245 | 0 | 0 | _aتعليم اللغة العربية لغير الناطقين بها |
| 250 | _aط1 | ||
| 264 | 3 | 1 | _aاربد: عالم الكتب الحديث للنشر والتوزيع، 2013 |
| 300 | _a220ص | ||
| 336 |
_atext _btxt _2rdacontent |
||
| 337 |
_aunmediated _bn _2rdamedia |
||
| 338 |
_avolume _bnc _2rdacarrier |
||
| 650 | 4 |
_aاللغة العربية-تعليم اللغة العربية لغير الناطقين بها _944974 |
|
| 999 |
_aA19461 _c23029 _d23029 |
||